Quick Pick: Countries in Movie Titles Quiz Stats

Quiz Updated Aug 13, 2016

Challenge
Share
Tweet
Embed
Score 0/12 Timer 01:30
2 Plays Today
% Correct
Madagascar
93.2%
Vietnam
92.9%
Russia
91.8%
Rwanda
91%
Kazakhstan
89.4%
Egypt
88.8%
India
85.6%
China
81.3%
Brazil
73.6%
Mexico
72.4%
Morocco
70.1%
Jamaica
61.2%

Today's Daily Dose

You're not logged in!

Compare scores with friends on all Sporcle quizzes.
Sign Up with Email
OR
Log In

You Might Also Like...

Show Comments

Extras

Top Quizzes Today


Score Distribution

Your Account Isn't Verified!

In order to create a playlist on Sporcle, you need to verify the email address you used during registration. Go to your Sporcle Settings to finish the process.

Report this User

Report this user for behavior that violates our Community Guidelines.

Details: